Pugad baboy 3 (Record no. 9118)

MARC details
000 -LEADER
fixed length control field 00831nam a22002177a 4500
003 - CONTROL NUMBER IDENTIFIER
control field OSt
005 - DATE AND TIME OF LATEST TRANSACTION
control field 20260313071224.0
008 - FIXED-LENGTH DATA ELEMENTS--GENERAL INFORMATION
fixed length control field 260313b |||||||| |||| 00| 0 eng d
020 ## - INTERNATIONAL STANDARD BOOK NUMBER
International Standard Book Number 971-10-0518-2
040 ## - CATALOGING SOURCE
Original cataloging agency DWCL GS lib
Transcribing agency OC
082 ## - DEWEY DECIMAL CLASSIFICATION NUMBER
Classification number M491p 1992
100 ## - MAIN ENTRY--PERSONAL NAME
Personal name MEDINA, POL JR.
245 ## - TITLE STATEMENT
Title Pugad baboy 3
Statement of responsibility, etc. POL JR. MEDINA
260 ## - PUBLICATION, DISTRIBUTION, ETC.
Place of publication, distribution, etc. Quezon City
Name of publisher, distributor, etc. New Day Publishers
Date of publication, distribution, etc. 1992
300 ## - PHYSICAL DESCRIPTION
Extent 74 p
Dimensions 19 cm
520 ## - SUMMARY, ETC.
Summary, etc. a compilation of the popular Filipino comic strip, featuring the adventures of the overweight residents of a Manila subdivision.
650 ## - SUBJECT ADDED ENTRY--TOPICAL TERM
Topical term or geographic name entry element the third compilation volume of the popular Philippine comic strip created by Pol Medina Jr
650 ## - SUBJECT ADDED ENTRY--TOPICAL TERM
Topical term or geographic name entry element revolve around the use of satire to expose the absurdities of Filipino life, politics, and culture.
700 ## - ADDED ENTRY--PERSONAL NAME
Personal name POL JR. MEDINA
942 ## - ADDED ENTRY ELEMENTS (KOHA)
Source of classification or shelving scheme Dewey Decimal Classification
Koha item type Fiction
Suppress in OPAC No

No items available.